[Event "Komercni Banka op"]
[Site "Pardubice"]
[Date "1996.??.??"]
[Round "4"]
[White "Babula, Vlastimil"]
[Black "Gisbrecht, Ewgeni"]
[Result "1/2-1/2"]
[WhiteElo "2545"]
[BlackElo "2370"]

1.d4 d5 2.c4 c6 3.Nf3 Nf6 4.Nc3 dxc4 5.a4 Bf5 6.Ne5 Na6 7.f3 Nd7 8.Nxc4 e5
9.e4 exd4 10.exf5 dxc3 11.Qe2+ Be7 12.Nd6+ Kf8 13.Nxb7 Qb6 14.bxc3 Nc7 15.Qd3 Qxb7
16.Qxd7 Rd8 17.Ba6 Qxa6 18.Qxc7 Bh4+ 19.g3 Re8+ 20.Kf2 Qe2+ 21.Kg1 Qxf3 22.Ba3+ Be7
23.Bxe7+ Rxe7 24.Qb8+ Re8 25.Qb4+ Kg8 26.Rf1 Qe3+ 27.Kg2 h5 28.Qd4 Qxd4 29.cxd4 Rh6
30.Re1 Rd8 31.Re7 Rf6 32.Rf1 Rxd4 33.Rxa7 Rd2+ 34.Rf2 Rxf2+ 35.Kxf2 Rxf5+
36.Ke3 Rf1 37.Rc7 Ra1 38.Rxc6 Rxa4 39.h4 g6 40.Kf3 Kg7 41.Rb6 Ra1 42.Rc6 Re1
43.Ra6 Re6 44.Ra7 Kf6 45.Rb7 Re7 46.Rb5 Re5  1/2-1/2

[Event "Komercni Banka op"]
[Site "Pardubice"]
[Date "1996.??.??"]
[Round "4"]
[White "Mikhalevski, Victor"]
[Black "Milov, Leonid"]
[Result "1/2-1/2"]
[WhiteElo "2500"]
[BlackElo "2455"]

1.d4 d5 2.c4 c6 3.Nf3 Nf6 4.Nc3 dxc4 5.a4 Bf5 6.Ne5 e6 7.f3 Bb4 8.e4 Bxe4
9.fxe4 Nxe4 10.Bd2 Qxd4 11.Nxe4 Qxe4+ 12.Qe2 Bxd2+ 13.Kxd2 Qd5+ 14.Kc2 Na6
15.Nxc4 O-O 16.Qe5 Rab8 17.Rc1 f6 18.Qxd5 cxd5 19.Nd6 Rfd8 20.Nb5 Rdc8+ 21.Kb1 Rxc1+
22.Kxc1 Nc5 23.Be2 a6 24.Nd4 Kf7 25.a5 Rc8 26.Kb1 Ne4 27.Nb3 f5 28.Bf3 Nf6
29.Rc1 Rxc1+ 30.Kxc1 Nd7 31.Nd4 Ke7 32.b4 Kd6 33.Kd2 g6 34.b5 axb5 35.Nxb5+ Kc5
36.Nc7 Kd6 37.Nb5+  1/2-1/2

[Event "Komercni Banka op"]
[Site "Pardubice"]
[Date "1996.??.??"]
[Round "4"]
[White "Surjadnji, Aleksej"]
[Black "Minasian, Ara"]
[Result "0-1"]
[WhiteElo "2285"]
[BlackElo "2425"]

1.d4 d5 2.Nf3 Nf6 3.c4 c6 4.Nc3 dxc4 5.a4 Bf5 6.Ne5 e6 7.f3 Bb4 8.Nxc4 O-O
9.Bg5 h6 10.Bh4 c5 11.dxc5 Qxd1+ 12.Rxd1 Bc2 13.Rc1 Bxa4 14.Ra1 Bb3 15.Nb6 Nd5
16.Kd2 g5 17.Nxd5 exd5 18.Bf2 Nc6 19.Kc1 d4 20.Ne4 f5 21.Nd2 Bf7 22.e4 dxe3
23.Bxe3 Rfe8 24.Nc4 Rad8 25.Kc2 f4 26.Bf2 Nd4+ 27.Bxd4 Rxd4 28.b3 Bg6+ 29.Kb2 Bxc5
30.Kc3 Rd7 31.Ra2 b5 32.Ra6 Bh7 33.b4 Bd4+ 34.Kb3 bxc4+ 35.Bxc4+ Kg7 36.h4 Re3+
37.Ka4 Bc2+ 38.Kb5 Rc7 39.Rd6 a6+  0-1

[Event "Komercni Banka op"]
[Site "Pardubice"]
[Date "1996.??.??"]
[Round "7"]
[White "Capek, Ivan"]
[Black "Kolesar, Milan"]
[Result "0-1"]
[WhiteElo "2145"]
[BlackElo "2240"]

1.d4 d5 2.c4 c6 3.Nf3 Nf6 4.Nc3 dxc4 5.a4 Bf5 6.e3 e6 7.Bxc4 Bb4 8.O-O Nbd7
9.Qe2 Bg6 10.Bd3 Bxd3 11.Qxd3 O-O 12.Rd1 a5 13.e4 Nb6 14.e5 Nfd5 15.Ng5 g6
16.Qh3 h5 17.Nce4 Kg7 18.Rd3 Qe7 19.Rf3 Nc4 20.g4 Nd2 21.Rf6 Nxe4 22.Nxe4 Rh8
23.Bg5 hxg4 24.Qxg4 Qc7 25.Rf3 Be7 26.h4 Bxg5 27.Nxg5 Raf8 28.Rxf7+ Qxf7
29.Nxf7 Rxf7 30.Ra3 Rf5 31.Rg3 Nf4 32.Rb3 g5 33.Rxb7+ Kg6 34.Qxg5+ Rxg5+
35.hxg5 Kxg5 36.Ra7 Kg4 37.Rg7+ Kf3 38.Rg3+ Ke4 39.Re3+ Kxd4 40.b3 c5 41.Re1 Rh3
42.Rd1+ Kxe5 43.Rd7 Ke4  0-1

[Event "St Petersburg-Paris"]
[Site "Paris"]
[Date "1996.??.??"]
[Round "2"]
[White "Popov, Valerij"]
[Black "Wagner, Claude"]
[Result "0-1"]
[WhiteElo "2470"]
[BlackElo "2420"]

1.d4 d5 2.Nf3 Nf6 3.c4 c6 4.Nc3 dxc4 5.a4 Bf5 6.e3 e6 7.Bxc4 Bb4 8.O-O Nbd7
9.Qe2 Bg6 10.Rd1 Qc7 11.Bd2 a5 12.h3 O-O 13.Rac1 Rad8 14.Nh4 Bh5 15.g4 Bg6
16.f4 Bxc3 17.Bxc3 Be4 18.Be1 Nd5 19.Nf3 Nb4 20.Ng5 Bd5 21.b3 Nf6 22.Bh4 Rc8
23.Nf3 Ne4 24.Ng5 Nxg5 25.Bxg5 Be4 26.Bh4 Qd6 27.Be1 Rfd8 28.Bc3 b6 29.Bxb4 axb4
30.Bd3 Bd5 31.Qc2 c5 32.Bxh7+ Kh8 33.Be4 c4 34.bxc4 Rxc4 35.Qe2 Rxc1  0-1

[Event "Pico City op"]
[Site "Pico City"]
[Date "1996.??.??"]
[Round "4"]
[White "Sorokin, Maxim"]
[Black "Gomez Baillo, Jorge H"]
[Result "1-0"]
[WhiteElo "2550"]
[BlackElo "2450"]

1.d4 c6 2.Nf3 d5 3.c4 Nf6 4.Nc3 dxc4 5.a4 Bf5 6.Ne5 Nbd7 7.Nxc4 Nb6 8.Ne5 a5
9.e3 h6 10.g4 Bh7 11.Bg2 e6 12.O-O Nbd5 13.f4 Bb4 14.Ne2 Be4 15.Ng3 Bxg2
16.Kxg2 Ne7 17.e4 c5 18.g5 Nxe4 19.Nxe4 Qd5 20.Qe2 Nf5 21.dxc5 Nd4 22.Qd3 f5
23.gxf6 gxf6 24.Nf3 Rg8+ 25.Kh1 O-O-O 26.Qxd4  1-0

[Event "Pico City op"]
[Site "Pico City"]
[Date "1996.??.??"]
[Round "9"]
[White "Recoulat, Eduardo J"]
[Black "Farah, Rodolfo"]
[Result "1/2-1/2"]
[WhiteElo "2185"]
[BlackElo "2170"]

1.d4 d5 2.c4 c6 3.Nc3 Nf6 4.Nf3 dxc4 5.a4 Bf5 6.e3 e6 7.Bxc4 Bb4 8.O-O O-O
9.Qe2 Bg6 10.Rd1 Qa5 11.Ne5 Nbd7 12.Nxg6 hxg6 13.Bd2 e5 14.Qd3 exd4 15.exd4 Qh5
16.Bf4 Nb6 17.Bb3 a5 18.Bg3 Nbd5 19.Re1 Rfe8 20.Re5 Qg4 21.Nxd5 cxd5 22.Bxd5 Red8
23.Qb3 Nxd5 24.Rxd5 Qe4 25.Rxd8+ Rxd8 26.Be5 Kf8 27.f3 Qe2 28.Rf1 f6 29.Bf4 Rxd4
30.Qe3 Qxb2 31.Rc1 Bc5 32.Bd6+ Rxd6 33.Qxc5 Qd4+ 34.Qxd4 Rxd4 35.Rc7 b6 36.Rb7 Rb4
37.Kf2 g5 38.g4 Kg8 39.Kg3 Rb3 40.h3 Kh7 41.Rc7 Rb4 42.Rb7 Rxa4 43.Rxb6 Ra3
44.Ra6 a4 45.Ra7 Ra1 46.h4 gxh4+ 47.Kxh4 a3 48.Kg3 Kg8 49.Kf4 g6 50.g5 fxg5+
51.Kxg5 a2 52.Kf6 g5 53.Ra8+ Kh7 54.Ra7+  1/2-1/2

[Event "CZE-ch U18"]
[Site "Prague"]
[Date "1996.??.??"]
[Round "4"]
[White "Stross, Frantisek"]
[Black "Domlatil, J."]
[Result "1/2-1/2"]
[WhiteElo "1840"]
[BlackElo "1730"]

1.d4 d5 2.c4 c6 3.Nf3 Nf6 4.Nc3 dxc4 5.a4 Bf5 6.Ne5 e6 7.f3 Bb4 8.e4 Bxe4
9.fxe4 Nxe4 10.Bd2 Qxd4 11.Nxe4 Qxe4+ 12.Qe2 Bxd2+ 13.Kxd2 Qd5+ 14.Kc2 Na6
15.Nxc4 O-O-O 16.Qe5 f6 17.Qxd5 cxd5 18.Nd2 Nb4+ 19.Kb3 a5 20.Rc1+ Kd7 21.Bb5+ Kd6
22.Rhd1 b6 23.Nc4+ Ke7 24.Nxb6 Rb8 25.Nd7 Rxb5 26.axb5 Kxd7 27.Ka4 Ra8 28.b6 Rb8
29.Kxa5 Nc6+ 30.Kb5 Na7+ 31.Ka6 Nc6 32.Rxc6 Kxc6 33.Rc1+ Kd6 34.Ka7 Rd8 35.b7 d4
36.b8=Q+ Rxb8 37.Kxb8 e5 38.Ka7 d3 39.b4 e4 40.b5 d2 41.Rd1 e3 42.b6 Ke7
43.b7 e2 44.Rxd2 e1=Q 45.Ra2 Qe3+ 46.Ka8 Qe4 47.Ka7 Qd4+ 48.Ka8 Qc4 49.Ra5 Qe4
50.Ka7 Qd4+ 51.Ka6 Qb4 52.Rb5 Qa4+  1/2-1/2

[Event "CRO-Cup"]
[Site "Pula"]
[Date "1996.??.??"]
[Round "?"]
[White "Lalic, Bogdan"]
[Black "Horvath, Csaba"]
[Result "1/2-1/2"]
[WhiteElo "2575"]
[BlackElo "2540"]

1.d4 d5 2.c4 c6 3.Nf3 Nf6 4.Nc3 dxc4 5.a4 Bf5 6.Ne5 e6 7.f3 Bb4 8.e4 Bxe4
9.fxe4 Nxe4 10.Bd2 Qxd4 11.Nxe4 Qxe4+ 12.Qe2 Bxd2+ 13.Kxd2 Qd5+ 14.Kc3 O-O
15.Qe3 Qa5+ 16.Kc2 Na6 17.Bxc4 Nb4+ 18.Kb3 Nd5 19.Bxd5 cxd5 20.Rhc1 Rad8
21.Qc5 Qxc5 22.Rxc5 f6 23.Nd3 e5 24.Rc7 Rf7 25.Rac1 Rfd7 26.Rxd7 Rxd7 27.Rc8+ Kf7
28.Nc5 Re7 29.Rd8 b6 30.Na6 Ke6 31.Nb4 d4 32.Nd5 Rd7 33.Rxd7 Kxd7 34.Kc4 f5
35.b4  1/2-1/2

[Event "Regensburg op"]
[Site "Regensburg"]
[Date "1996.??.??"]
[Round "4"]
[White "Barth, Norbert"]
[Black "Velikov, Petar"]
[Result "0-1"]
[WhiteElo "2205"]
[BlackElo "2445"]

1.d4 d5 2.c4 c6 3.Nc3 Nf6 4.Nf3 dxc4 5.a4 Bf5 6.e3 e6 7.Bxc4 Bb4 8.O-O O-O
9.Qe2 Bg6 10.Ne5 Nbd7 11.Nxg6 hxg6 12.Rd1 Qe7 13.Qc2 a5 14.Ne4 Rfd8 15.Nxf6+ Nxf6
16.b3 Bd6 17.Bb2 Nd5 18.Qe4 Qg5 19.g3 Nb4 20.Bf1 Qd5 21.Qxd5 exd5 22.Bc3 g5
23.Bxb4 Bxb4 24.Ra2 Rd6 25.Bg2 Re8 26.Kf1 f5 27.Ke2 Kf7 28.Kd3 Rf6 29.h3 f4
30.Rc2 Re7 31.Ra1 Ke8 32.Rd1 Kd7 33.Rb1 f3 34.Bf1 g4 35.hxg4 Rh6 36.g5 Rh2
37.Ra2 g6 38.Rc1 Re4 39.Rd1 Ke6 40.Rc1 Kf5 41.Rb1 Kxg5 42.Rc2 Kf6 43.Ra1 g5
44.Rb1 Ke7 45.Ra1 Kd6 46.Rac1 Rh8 47.Rb1 b6 48.Ra1 c5 49.Rac1 Rh2 50.dxc5+ bxc5
51.Rb1 Ke5 52.Rbc1 g4 53.Ra2 Rh8 54.Kc2 c4 55.bxc4 dxc4 56.Kb1 Rb8 57.Rxc4 Be1+
58.Kc1 Rxc4+ 59.Bxc4 Rc8 60.Kd1 Bxf2 61.Ba6 Rd8+ 62.Rd2 Rxd2+ 63.Kxd2 Kf5
64.e4+ Kg5 65.e5 Bxg3 66.e6 Bd6 67.Ke3 Kh4 68.Bb7 Kg3  0-1

[Event "EU-ch U16"]
[Site "Rimavska Sobota"]
[Date "1996.??.??"]
[Round "5"]
[White "Doettling, Fabian"]
[Black "Acs, Peter"]
[Result "1/2-1/2"]
[WhiteElo "2300"]
[BlackElo "2410"]

1.d4 d5 2.c4 c6 3.Nf3 Nf6 4.Nc3 dxc4 5.a4 Bf5 6.Ne5 e6 7.f3 Bb4 8.e4 Bxe4
9.fxe4 Nxe4 10.Bd2 Qxd4 11.Nxe4 Qxe4+ 12.Qe2 Bxd2+ 13.Kxd2 Qd5+ 14.Kc2 Na6
15.Nxc4 O-O-O 16.Qe5 f6 17.Qe3 Kb8 18.Be2 Ka8 19.g3 e5 20.Rhd1 Qe6 21.Rxd8+ Rxd8
22.Rd1 Rd5 23.Kc3 Qd7 24.Rd2 Qe7 25.b3 Nc5 26.Bf3 e4 27.Be2 f5 28.Kc2 Ne6
29.Qc3 Qd8 30.Ne3 Nd4+ 31.Kd1 Rd7 32.Nc2 c5 33.Ke1 g5 34.Kf1 b6 35.Ba6 f4
36.Nxd4 Rxd4 37.Rxd4 Qxd4 38.Qxd4 cxd4 39.gxf4 gxf4 40.Bc4 Kb8 41.Bd5 e3
42.Ke2 Kc7 43.b4 a5 44.bxa5 bxa5 45.Bc4 Kd6 46.Bd3 h6 47.Kf3 Kc5 48.Kxf4 Kb4
49.Bb5 Kc3 50.Ke4 h5 51.h4 Kd2 52.Kxd4 e2 53.Bxe2 Kxe2 54.Kc4 Ke3 55.Kc5 Ke4
56.Kb5 Kd5 57.Kxa5 Kc5 58.Ka6 Kc6 59.a5 Kc7 60.Kb5 Kb7  1/2-1/2

[Event "EU-ch U16"]
[Site "Rimavska Sobota"]
[Date "1996.??.??"]
[Round "9"]
[White "Halkias, Stelios"]
[Black "Acs, Peter"]
[Result "1/2-1/2"]
[WhiteElo "2330"]
[BlackElo "2410"]

1.d4 d5 2.Nf3 Nf6 3.c4 c6 4.Nc3 dxc4 5.a4 Bf5 6.Ne5 e6 7.f3 Bb4 8.e4 Bxe4
9.fxe4 Nxe4 10.Bd2 Qxd4 11.Nxe4 Qxe4+ 12.Qe2 Bxd2+ 13.Kxd2 Qd5+ 14.Kc3 Na6
15.Nxc4 O-O-O 16.Qe3 Nc5 17.a5 Rd7 18.Be2 Rhd8 19.Rhd1 Qxg2 20.Rxd7 Rxd7
21.Rg1 Qe4 22.Rxg7 Na4+ 23.Kb3 Qxe3+ 24.Nxe3 Nxb2 25.Kxb2 Rd2+ 26.Kb3 Rxe2
27.Nc4 b5 28.axb6 axb6 29.Rxh7 b5 30.Nd6+ Kd7 31.Nxf7 c5 32.h4 c4+ 33.Kb4 Rb2+
34.Kc5 Ke7 35.Nd6+ Kf6 36.Nxb5 Rh2 37.Kxc4 Kg6 38.Rh8 Kg7 39.Rh5 Kg6 40.Rh8 Kg7  1/2-1/2

[Event "Sarospatak op"]
[Site "Sarospatak"]
[Date "1996.??.??"]
[Round "?"]
[White "Husek, Zdenek"]
[Black "Kiss, Pal"]
[Result "0-1"]
[WhiteElo "2265"]
[BlackElo "2485"]

1.d4 d5 2.Nf3 Nf6 3.c4 dxc4 4.Nc3 c6 5.a4 Bf5 6.g3 Na6 7.Nh4 e6 8.Bg2 Nb4
9.Nxf5 exf5 10.O-O Be7 11.Bh3 g6 12.Bh6 Bf8 13.Bxf8 Kxf8 14.Qd2 h5 15.f3 Kg7
16.Rad1 a5 17.e4 Nd3 18.Qe3 h4 19.Rxd3 cxd3 20.g4 f4 21.Qxd3 Qb6 22.Rf2 Rad8
23.g5 Nh7 24.d5 Nxg5 25.Bg4 Rhe8 26.h3 f5 27.exf5 Re3 28.f6+ Kxf6 29.Qd1 Rxf3
30.Qxf3 Nxf3+ 31.Bxf3 Kg7 32.Kg2 cxd5 33.Nxd5 Qd4 34.Nc3 Qe5 35.Re2 Qg5+
36.Bg4 Rd2  0-1

[Event "Sheffield"]
[Site "Sheffield"]
[Date "1996.??.??"]
[Round "4"]
[White "Buckley, Graeme"]
[Black "Crouch, Colin S"]
[Result "0-1"]
[WhiteElo "2385"]
[BlackElo "2380"]

1.d4 d5 2.c4 c6 3.Nf3 Nf6 4.Nc3 dxc4 5.a4 Bf5 6.e3 e6 7.Bxc4 Bb4 8.O-O O-O
9.Bd3 Bxd3 10.Qxd3 Nbd7 11.b3 Nc5 12.Qc2 Bxc3 13.Qxc3 Nce4 14.Qc2 Qd5 15.Nd2 Rfd8
16.Nxe4 Qxe4 17.Qxe4 Nxe4 18.f3 Nc3 19.Bd2 Nd5 20.e4 Nc7 21.Bc3 Rd7 22.g4 Rad8
23.Ra2 e5 24.dxe5 Rd3 25.Rc2 Ne6 26.Kf2 g5 27.Rb1 Kg7 28.Rbb2 Kg6 29.Bd2 Nd4
30.Rc3 Nxf3 31.Rxd3 Rxd3 32.Ke2 Nxe5 33.Be3 a6 34.h3 f6 35.Rb1 h5 36.a5 hxg4
37.hxg4 Rd7 38.Rg1 Rh7 39.Bf2 Rh3 40.Bg3 Nxg4 41.Kf3 Ne5+ 42.Kg2 Rh7 43.Bxe5 fxe5
44.Rd1 g4 45.b4 Rf7 46.Rd6+ Kg5 47.Rd1 Rh7 48.Rf1 Rd7 49.Rf5+ Kh4 50.Rxe5 Rd2+
51.Kf1 Rb2 52.Re7 Rxb4 53.Ke2 Kg5 54.Ke3 Kf6 55.Rd7 g3 56.Kf4 g2 57.Rd6+ Kf7
58.Rd7+ Ke6 59.Rg7 Rb2 60.Rg6+ Kf7 61.Rg4 Ra2 62.Rg5 Ke6 63.Rg6+ Kd7 64.Rg7+ Kd6
65.Rg6+ Kc5 66.Ke5 Re2 67.Rg5 Kc4 68.Kd6 Kd4 69.Rg4 Ke3 70.e5 Kf2  0-1

[Event "Sochi"]
[Site "Sochi"]
[Date "1996.??.??"]
[Round "?"]
[White "Yuferov, Sergey  N"]
[Black "Guliev, Sarhan"]
[Result "1/2-1/2"]
[WhiteElo "2440"]
[BlackElo "2505"]

1.d4 d5 2.c4 c6 3.Nf3 Nf6 4.Nc3 dxc4 5.a4 Bf5 6.e3 e6 7.Bxc4 Bb4 8.O-O O-O
9.Bd3 Bxd3 10.Qxd3 Nbd7 11.Bd2 a5 12.Ne4 Bxd2 13.Nxf6+ Nxf6 14.Qxd2  1/2-1/2

[Event "SWE-chT 9596"]
[Site "?"]
[Date "1996.??.??"]
[Round "?"]
[White "Bjork, Carl Magnus"]
[Black "Ronneland, Daniel"]
[Result "0-1"]
[WhiteElo "2320"]
[BlackElo "2185"]

1.d4 d5 2.c4 c6 3.Nf3 Nf6 4.Nc3 dxc4 5.a4 Bf5 6.e3 e6 7.Bxc4 Bb4 8.O-O Nbd7
9.Qe2 Bg6 10.Rd1 O-O 11.h3 Qc7 12.e4 Bxc3 13.bxc3 Nxe4 14.Ba3 c5 15.Qe3 Rfd8
16.Bb5 Rac8 17.Rac1 a6 18.Bf1 Qc6 19.a5 Ndf6 20.Bb2 Qa4 21.Ne5 Qxa5 22.g4 Nd5
23.Qf3 Ng5 24.Qg3 Qa2 25.Ba1 cxd4 26.Rxd4 Ne4 27.Qf3 Nd2 28.Qe2 Nf6 29.Rxd8+ Rxd8
30.Rd1 Bb1 31.Nc4 Nfe4 32.f3 Bd3 33.Qg2 Qxc4 34.fxe4 Nxe4  0-1

[Event "Tampere Elo Taraus op"]
[Site "Tampere"]
[Date "1996.??.??"]
[Round "2"]
[White "Kilpi, Teemu"]
[Black "Maki Uuro, Miikka"]
[Result "0-1"]
[WhiteElo "2200"]
[BlackElo "2265"]

1.d4 d5 2.c4 c6 3.Nf3 Nf6 4.Nc3 dxc4 5.a4 Bf5 6.e3 e6 7.Bxc4 Bb4 8.O-O Nbd7
9.Qe2 Bg6 10.Ne5 Nxe5 11.dxe5 Nd7 12.f4 Nb6 13.Rd1 Qh4 14.g3 Qe7 15.Bd3 Bxd3
16.Rxd3 O-O 17.b3 Rad8 18.Rxd8 Rxd8 19.Bb2 Bxc3 20.Bxc3 Qc5 21.Rc1 Qd5 22.a5 Nc8
23.b4 Qe4 24.Kf2 Ne7 25.Bd4 Nf5 26.Bc5 h5 27.Rd1 Rxd1 28.Qxd1 b6 29.axb6 axb6
30.Qd8+ Kh7 31.Qxb6 Qc2+ 32.Kg1 Qd1+ 33.Kf2 Qd2+  0-1

[Event "Tampere Elo Taraus op"]
[Site "Tampere"]
[Date "1996.??.??"]
[Round "4"]
[White "Paldanius, Pekka"]
[Black "Maki Uuro, Miikka"]
[Result "1/2-1/2"]
[WhiteElo "2260"]
[BlackElo "2265"]

1.d4 Nf6 2.Nf3 d5 3.c4 c6 4.Nc3 dxc4 5.a4 Bf5 6.e3 e6 7.Bxc4 Bb4 8.O-O Nbd7
9.Qe2 Bg6 10.e4 Bxc3 11.bxc3 Nxe4 12.Ba3 Qa5 13.Rfc1 O-O-O 14.Qb2 Nb6  1/2-1/2

[Event "Terrassa op"]
[Site "Terrassa"]
[Date "1996.??.??"]
[Round "6"]
[White "Gomez Esteban, Juan Mario"]
[Black "Gual Pascual, Antonio"]
[Result "1-0"]
[WhiteElo "2495"]
[BlackElo "2430"]

1.d4 d5 2.c4 c6 3.Nf3 Nf6 4.Nc3 dxc4 5.a4 Bf5 6.e3 e6 7.Bxc4 Bb4 8.O-O Nbd7
9.Nh4 Bg6 10.Be2 Nd5 11.Qb3 a5 12.g3 Qb6 13.Nxg6 hxg6 14.Qc2 Ne7 15.Rd1 Nf5
16.b3 Nf6 17.Bb2 Nd6 18.Na2 g5 19.Rac1 g4 20.Nxb4 axb4 21.Qc5 Qc7 22.Qxb4 Nd5
23.Qe1 f5 24.Ba3 g5 25.Bxd6 Qxd6 26.e4 fxe4 27.Bxg4 Nf6 28.Qe2 Qd5 29.Rc5 Qxb3
30.Bxe6 Qf3 31.Qxf3 exf3 32.Rxg5 Rxa4 33.Rf5 Ng4 34.Rxf3 Nxh2 35.Re3 Kd8
36.Kg2 Ra5 37.d5 cxd5 38.Bh3 Ra2 39.Kxh2  1-0

[Event "Tuebingen-ch55"]
[Site "Tuebingen"]
[Date "1996.??.??"]
[Round "?"]
[White "Rupp, Michael"]
[Black "Gerlach, Stefan"]
[Result "1-0"]
[WhiteElo "2025"]
[BlackElo "1750"]

1.d4 d5 2.c4 c6 3.Nf3 Nf6 4.Nc3 dxc4 5.a4 Bf5 6.e3 e6 7.Bxc4 Bb4 8.O-O O-O
9.Nh4 Bg4 10.f3 Nd5 11.Qe1 Be7 12.fxg4 Bxh4 13.Qe2 Nd7 14.Kh1 N5b6 15.Ba2 c5
16.a5 Nc8 17.Ne4 Qxa5 18.g5 h6 19.gxh6 g6 20.Qg4 Be7 21.Bxe6  1-0

[Event "Tuebingen-ch55"]
[Site "Tuebingen"]
[Date "1996.??.??"]
[Round "?"]
[White "Muysers, Hendrik"]
[Black "Gerlach, Stefan"]
[Result "0-1"]
[WhiteElo "1865"]
[BlackElo "1750"]

1.d4 d5 2.c4 c6 3.Nc3 Nf6 4.Nf3 dxc4 5.a4 Bf5 6.e3 e6 7.Bxc4 Bb4 8.O-O O-O
9.Ne5 Nbd7 10.Nd3 Bd6 11.Re1 e5 12.e4 exd4 13.exf5 dxc3 14.bxc3 Qa5 15.Nb4 Bxb4
16.cxb4 Qxb4 17.Ba2 Rfe8 18.Be3 Nb6 19.a5 Nbd5 20.Rb1 Qxa5 21.Bxd5 Nxd5 22.Rxb7 Nxe3
23.fxe3 Qxf5 24.Rf1 Qe6 25.Rfxf7 Qxe3+ 26.Kf1 Rf8 27.Qd7 Rae8 28.Qxe8 Qxe8  0-1

[Event "Paks GM"]
[Site "Ungarn"]
[Date "1996.??.??"]
[Round "?"]
[White "Krizsany, Laszlo"]
[Black "Acs, Peter"]
[Result "1/2-1/2"]
[WhiteElo "2430"]
[BlackElo "2440"]

1.d4 d5 2.c4 c6 3.Nc3 Nf6 4.Nf3 dxc4 5.a4 Bf5 6.e3 e6 7.Bxc4 Bb4 8.O-O Nbd7
9.Nh4 Bg6 10.f3 O-O 11.Qb3 a5 12.Nxg6 hxg6 13.Na2 Bd6 14.Bxe6 Qc7 15.Bxd7 Bxh2+
16.Kh1 Nxd7 17.f4 Bg3 18.e4 Bh4 19.Qh3 Be7 20.Nc3 Nb6 21.f5 gxf5 22.Rxf5 Qd7
23.g4 g6 24.Bh6 Qxd4 25.Bxf8 Rxf8 26.Rd1 Qg7 27.Rf2 Bf6 28.Ne2 Nc4 29.b3 Ne5
30.Nf4 Bg5 31.Nd3 Rd8 32.Rff1 Re8 33.Rfe1 Nxd3 34.Rxd3 Qe5 35.Qg2  1/2-1/2

[Event "Valkeakoski sim"]
[Site "Valkeakoski"]
[Date "1996.??.??"]
[Round "?"]
[White "Karpov, Anatoly"]
[Black "Fieandt, John"]
[Result "1/2-1/2"]
[WhiteElo "2770"]
[BlackElo "2220"]

1.d4 d5 2.c4 c6 3.Nf3 Nf6 4.Nc3 dxc4 5.a4 Bf5 6.Ne5 e6 7.f3 c5 8.dxc5 Qxd1+
9.Nxd1 Bxc5 10.e4 Bg6 11.Bxc4 Nfd7 12.Nd3 Bd4 13.Be3 Nc6 14.Bb5 Bb6 15.Bxc6 bxc6
16.a5 Bxe3 17.Nxe3 Ke7 18.Ke2 Rab8 19.Rhc1 Rhc8 20.Rc2 Rb5 21.b4 f5 22.exf5 exf5
23.f4 Be8 24.Rac1 Nf6 25.Rc5 Bd7 26.g3 g6 27.Re5+ Kf7 28.Nc4 Rxe5+ 29.fxe5 Ne4
30.Nd6+ Nxd6 31.exd6 Re8+ 32.Kf2 Re6 33.Nc5 Rxd6 34.Nxd7 Rxd7 35.Rxc6 Rb7
36.Rc4 Ke6 37.Ke3 Ke5 38.h4 h6 39.Kd3 Rd7+ 40.Kc3 g5 41.Rc6 f4 42.gxf4+ gxf4
43.Rxh6 f3 44.Rh8 Rf7 45.Re8+ Kf4 46.Re1 f2 47.Rf1 Ke3 48.b5 Ke2 49.Rxf2+ Kxf2
50.Kc4 Kg3  1/2-1/2

[Event "Velden op"]
[Site "Velden"]
[Date "1996.??.??"]
[Round "6"]
[White "Gretarsson, Helgi Ass"]
[Black "Horvath, Csaba"]
[Result "1/2-1/2"]
[WhiteElo "2465"]
[BlackElo "2530"]

1.d4 d5 2.Nf3 Nf6 3.c4 c6 4.Nc3 dxc4 5.a4 Bf5 6.Ne5 e6 7.f3 Bb4 8.Bg5 c5
9.dxc5 Qa5 10.Qd4 Bxc5 11.Qxc4 Nc6 12.Nxc6 bxc6 13.e4 Bg6 14.Qa6 Qxa6 15.Bxa6 Rb8
16.Bxf6 gxf6 17.O-O-O f5 18.Bd3  1/2-1/2

[Event "Vendrell op"]
[Site "Vendrell"]
[Date "1996.??.??"]
[Round "2"]
[White "Rodriguez Vargas, Orestes"]
[Black "Komarov, Dimitri"]
[Result "0-1"]
[WhiteElo "2405"]
[BlackElo "2530"]

1.d4 d5 2.c4 c6 3.Nc3 Nf6 4.Nf3 dxc4 5.a4 Bf5 6.e3 e6 7.a5 Bb4 8.Qa4 Qe7
9.Bxc4 O-O 10.O-O Nbd7 11.Qb3 Rab8 12.h3 Ne4 13.Nd2 Ndf6 14.Ndxe4 Nxe4 15.f3 Ng3
16.Rf2 Bg6 17.Bd2 Bd6 18.Re1 b5 19.axb6 axb6 20.e4 b5 21.Bd3 Rfd8 22.f4 Bc5
23.dxc5 Rxd3 24.Nd5 cxd5 25.Qxd3 Nxe4 26.Rfe2 Qxc5+ 27.Be3 Qc4 28.Qd4 f6
29.Qa7 Re8 30.Qd7 e5 31.Kh2 Bf7 32.Bb6 h5 33.fxe5 fxe5 34.Rf1 Nf6 35.Rxf6 gxf6
36.Rf2 Re6 37.Bd8 Kg7 38.Be7 e4 39.Qd8 Qd4 40.Qf8+ Kg6 41.Bd6 Qxf2  0-1

[Event "Carl Schlechter mem"]
[Site "Vienna"]
[Date "1996.??.??"]
[Round "3"]
[White "Denk, Adolf"]
[Black "Kuthan, Andreas"]
[Result "1-0"]
[WhiteElo "2255"]
[BlackElo "2225"]

1.d4 Nf6 2.Nf3 d5 3.c4 c6 4.Nc3 dxc4 5.a4 Bf5 6.Ne5 e6 7.e3 Nbd7 8.Nxc4 a5
9.Be2 Bb4 10.O-O O-O 11.Bd2 Qe7 12.Na2 Bxd2 13.Qxd2 e5 14.Rfd1 Ne4 15.Qe1 exd4
16.Rxd4 Ndc5 17.Nxa5 Qc7 18.b4 Rfe8 19.Nc1 Ne6 20.Rc4 Nd6 21.Rc3 Ne4 22.Rca3 Qe7
23.Nc4 Nc7 24.Nd3 Nd5 25.Nce5 Nd6 26.Qc1 Rad8 27.Bf3 Ne4 28.Qb2 Ndf6 29.a5 Ng5
30.Be2 Nfe4 31.a6 bxa6 32.Nxc6 Qc7 33.Nxd8 Rxd8 34.Nc5 Rd2 35.Nxa6 Qe7 36.Qc1 Rxe2
37.R3a2 Rxa2 38.Rxa2 h6 39.Nc5 Qf6 40.Qa1 Qxa1+ 41.Rxa1 Nxc5 42.bxc5 Be4
43.f3  1-0

[Event "Siembra Villa Ballester op"]
[Site "Villa Ballester"]
[Date "1996.??.??"]
[Round "5"]
[White "Quiroga, Facundo"]
[Black "Belmonte, Diego Mariano"]
[Result "1/2-1/2"]
[WhiteElo "2300"]
[BlackElo "2135"]

1.d4 d5 2.c4 c6 3.Nf3 Nf6 4.Nc3 dxc4 5.a4 Bf5 6.e3 e6 7.Bxc4 Bb4 8.O-O Nbd7
9.Qe2 Bg6 10.Bd3 Bh5 11.e4 e5 12.d5 cxd5 13.Nxd5 Nxd5 14.exd5 Bd6 15.Qe3 Bc5
16.Qe4 Bg6 17.Qe2 Bxd3 18.Qxd3 O-O 19.Be3 e4 20.Qxe4 Nf6 21.Qd3 Bxe3 22.Qxe3 Qxd5
23.Rfd1 Rfe8 24.Rxd5 Rxe3 25.fxe3 Nxd5 26.e4 Nf6 27.e5 Nd5 28.Rd1 Rd8 29.Ng5 Rd7
30.a5 b6 31.Ne4 bxa5 32.Nc5 Rd8 33.Nb7 Rd7 34.Nxa5 Nb6 35.Rxd7 Nxd7 36.Nc6 a6
37.Kf2 f6 38.exf6 Nxf6 39.b4 Nd5 40.Kf3 Kf7 41.Ke4 Ke6 42.Nd8+ Kd6 43.Nf7+ Kc6
44.Ne5+ Kd6 45.Nd3 Nf6+  1/2-1/2

[Event "Wangs Pizol op"]
[Site "Wangs Pizol"]
[Date "1996.??.??"]
[Round "2"]
[White "Khenkin, Igor"]
[Black "Neyer, Renato"]
[Result "1-0"]
[WhiteElo "2555"]
[BlackElo "2010"]

1.d4 d5 2.c4 c6 3.Nf3 Nf6 4.Nc3 dxc4 5.a4 Bf5 6.Nh4 Bc8 7.Nf3 Bf5 8.Nh4 Bc8
9.e3 e5 10.Bxc4 exd4 11.exd4 Bd6 12.O-O O-O 13.Re1 Nd5 14.Nf3 Bg4 15.h3 Nxc3
16.bxc3 Bh5 17.g4 Bg6 18.h4 h5 19.Ng5 hxg4 20.Qxg4 Be7 21.h5 Bc2 22.Ra2 Bxa4
23.Rxe7 Qxe7 24.Qf5  1-0

[Event "Wattens op"]
[Site "Wattens"]
[Date "1996.??.??"]
[Round "1"]
[White "Duer, Werner"]
[Black "Wiesinger, Johann"]
[Result "1-0"]
[WhiteElo "2310"]
[BlackElo "1745"]

1.d4 d5 2.c4 c6 3.Nf3 Nf6 4.Nc3 dxc4 5.a4 Bf5 6.e3 e6 7.Bxc4 Bd6 8.Qe2 Ne4
9.O-O Nd7 10.Bd3 Nxc3 11.bxc3 Bxd3 12.Qxd3 O-O 13.e4 Be7 14.Bf4 a6 15.a5 Nf6
16.Rfb1 Qc8 17.h3 Bd8 18.Bd6 Re8 19.e5 Nd7 20.Nd2 Be7 21.Nc4 c5 22.d5 exd5
23.Qxd5 Ra7 24.e6 fxe6 25.Qxe6+ Kf8 26.Ne5 Nxe5 27.Bxe7+  1-0

[Event "Wattens op"]
[Site "Wattens"]
[Date "1996.??.??"]
[Round "2"]
[White "Wurster, Axel"]
[Black "Duer, Werner"]
[Result "0-1"]
[WhiteElo "1960"]
[BlackElo "2310"]

1.d4 d5 2.c4 c6 3.Nf3 Nf6 4.Nc3 dxc4 5.a4 Bf5 6.Ne5 Nbd7 7.Nxc4 Qc7 8.g3 e5
9.Bg2 Rd8 10.Ne3 Be6 11.dxe5 Qxe5 12.O-O Nc5 13.Qe1 Nb3 14.Rb1 Bc5 15.Nc2 Qh5
16.Ne4 Nxe4 17.Bxe4 O-O 18.Bf3 Bg4 19.Bxg4 Qxg4 20.Qc3 Qxa4 21.Bf4 Bb6 22.Rfd1 Nd4
23.Nxd4 Bxd4 24.Qc1 Bxb2  0-1

[Event "Yerevan ol (Men)"]
[Site "Yerevan"]
[Date "1996.??.??"]
[Round "1"]
[White "Dumitrache, Dragos"]
[Black "Kassis, Antoine"]
[Result "1-0"]
[WhiteElo "2495"]
[BlackElo "2165"]

1.d4 d5 2.c4 c6 3.Nf3 Nf6 4.Nc3 dxc4 5.a4 Bf5 6.e3 e6 7.Bxc4 Bb4 8.O-O O-O
9.Qe2 Ne4 10.Nxe4 Bxe4 11.Rd1 Qe7 12.Ne5 Nd7 13.Nxd7 Qxd7 14.f3 Bd5 15.Bd3 g6
16.Bd2 Qe7 17.Bxb4 Qxb4 18.Qd2 c5 19.Qxb4 cxb4 20.a5 Rfc8 21.Rdc1 Kf8 22.Kf2 Bb3
23.Ke2 Ke7 24.Kd2 Kd6 25.h4 h6 26.Bc2 Bxc2 27.Rxc2 Rxc2+ 28.Kxc2 Kc6 29.Kb3 Kb5
30.Ra4 Rb8 31.g4 f5 32.g5 h5 33.e4 fxe4 34.fxe4 Rd8 35.a6 b6 36.Rxb4+ Kxa6
37.Kc4 Rc8+ 38.Kd3 b5 39.d5 exd5 40.exd5 Rd8 41.Kd4 Kb6 42.Rb3 Rf8 43.Rc3 Rf4+
44.Ke5 Rxh4 45.d6 Rh2 46.Rd3 Re2+ 47.Kf6 Re8 48.d7 Rd8 49.Ke7  1-0

[Event "Yerevan op"]
[Site "Yerevan"]
[Date "1996.??.??"]
[Round "4"]
[White "Sturua, Zurab"]
[Black "Crouch, Colin S"]
[Result "1-0"]
[WhiteElo "2540"]
[BlackElo "2380"]

1.d4 d5 2.c4 c6 3.Nf3 Nf6 4.Nc3 dxc4 5.a4 Bf5 6.e3 e6 7.Bxc4 Bb4 8.O-O O-O
9.Qb3 Qe7 10.Ne5 c5 11.Na2 Nc6 12.Nxc6 bxc6 13.Nxb4 cxb4 14.f3 Nd7 15.e4 Bg6
16.a5 e5 17.d5 Rac8 18.Be3 c5 19.Bb5 Qd6 20.Rac1 Nb8 21.Qc4  1-0